Closest Countries to Australia Quiz Stats

 Plays Quiz Updated Sep 6, 2016

Challenge
Share
Tweet
Embed
Score 0/20 Timer 03:00
3 Plays Today
Distance Country % Correct
618 kmNew Zealand
99%
75 kmIndonesia
90.3%
1,495 kmFiji
81.2%
1,317 kmMalaysia
80.7%
4 kmPapua New Guinea
78.9%
1,846 kmThailand
73.3%
2,096 kmVietnam
71.5%
1,305 kmSingapore
71.2%
1,911 kmPhilippines
69.2%
2,280 km Cambodia
64.5%
Distance Country % Correct
990 kmVanuatu
62.2%
1,889 kmTonga
61.7%
1,138 kmSolomon Islands
61.6%
333 kmTimor-Leste
59.7%
1,883 kmBrunei
57.7%
2,092 kmIndia
57.7%
1,655 kmMicronesia
57%
1,983 km Palau
56.7%
2,384 kmMyanmar
51.8%
421 kmFrance
48.5%

You're not logged in!

Compare scores with friends on all Sporcle quizzes.
OR
Log In

You Might Also Like...

Show Comments

Extras

Top Quizzes Today


Score Distribution

Your Account Isn't Verified!

In order to create a playlist on Sporcle, you need to verify the email address you used during registration. Go to your Sporcle Settings to finish the process.

Report this User

Report this user for behavior that violates our Community Guidelines.

Details: